Biggest Cities that Start with C - Statistics

General Stats
  • This quiz has been taken 226 times
  • The average score is 10 of 14
Answer Stats
Clue Answer % Correct
Capital of Venezuela Caracas
96%
Capital of Australia Canberra
95%
Biggest City in Illinois Chicago
95%
One of 3 South African Capitals Cape Town
94%
A movie was named after this Moroccan City Casablanca
93%
City of "The Little Mermaid" Copenhagen
88%
Biggest city in the Arab League Cairo
86%
Largest city in the South Island (New Zealand) Christchurch
81%
Capital of Tamil Nadu Chennai
74%
3rd Biggest city in Colombia Cali
66%
City of the Giant Pandas! Chengdu
65%
Holds an ‘Annual Stampede’ Calgary
50%
Capital of Parana (Brazilian State) Curitiba
45%
Capital of the Indian Punjab State Chandigarh
19%
No matching quizzes found
Score Distribution
Percent of People with Each Score
Percentile by Number Answered
Your Score History
You have not taken this quiz